[Event "Tourn. n9305"]
[Site "www.chess-mail.com"]
[Date "2017.05.01"]
[Round "1"]
[White "Johnmcbride"]
[Black "Sorento"]
[WhiteElo "1960"]
[BlackElo "1869"]
[Result "0-1"]
[Round "1"]
1.d4 Ng8f6
2.e3 c5
3.dxc5 Qd8a5
4.Bc1d2 Qa5xc5
5.Nb1c3 d5
6.Ng1f3 Bc8g4
7.Bf1e2 e6
8.h3 Bg4h5
9.Nc3a4 Qc5c7
10.O-O Nb8c6
11.Nf3d4 Bh5xe2
12.Nd4xe2 Bf8d6
13.f4 b5
14.Na4c3 a6
15.a3 O-O
16.b4 Ra8c8
17.Ne2d4 Nc6xd4
18.exd4 Qc7b7
19.Rf1f3 Rc8c4
20.Nc3e2 Nf6e4
21.c3 Rf8c8
22.Ra1c1 a5
23.Ne2g3 axb4
24.axb4 Bd6xb4
25.cxb4 Ne4xd2
26.Rf3c3 Rc4xc3
27.Rc1xc3 Rc8xc3
28.Qd1xd2 Rc3xg3
29.Qd2f2 Rg3d3
30.Qf2h4 Qb7c7
31.Qh4f2 Qc7c4
32.Qf2h4 Qc4xd4
33.Kh2 g6
34.Qh4d8 Kg7
35.Qd8d6 Rd3b3
36.Qd6e5 Qd4xe5
37.fxe5 Rb3xb4
{ resign }
0-1

[Event "Tourn. n9239"]
[Site "www.chess-mail.com"]
[Date "2017.05.01"]
[Round "1"]
[White "Pachi"]
[Black "Passaroa25"]
[WhiteElo "1540"]
[BlackElo "1610"]
[Result "0-1"]
[Round "1"]
1.e4 c6
2.b4 d6
3.Bc1a3 Bc8e6
4.Nb1c3 f6
5.d4 Be6f7
6.d5 Qd8d7
7.Ra1b1 Qd7c7
8.b5 e5
9.Ng1f3 Qc7a5
10.Ba3b4 Qa5c7
11.g3 Ng8e7
12.Bf1g2 g6
13.O-O a5
14.bxa6 Nb8xa6
15.a4 Bf8g7
16.a5 O-O
17.Nf3h4 Ra8d8
18.f4 h5
19.f5 g5
20.Nh4f3 b5
21.h4 g4
22.Nf3d2 Rf8e8
23.Qd1e2 Bg7h6
24.Nd2b3 Na6xb4
25.dxc6 Bf7c4
26.Qe2f2 Bc4xf1
27.Bg2xf1 Nb4xc6
28.Bf1xb5 Re8f8
29.a6 Nc6a7
30.Nb3a5 Qc7xc3
31.Qf2xa7 Qc3xg3
32.Kf1 Rf8f7
33.Bb5c4 Kg7
34.Bc4xf7 Kxf7
35.Na5c6 Qg3f3
36.Kg1 Bh6e3
37.Qa7xe3 Qf3xe3
38.Kg2 Qe3xe4
39.Kg3 Ne7xc6
40.Rb1b7 Ke8
41.c3 Qe4xf5
{ resign }
0-1

[Event "Tourn. n9344"]
[Site "www.chess-mail.com"]
[Date "2017.05.01"]
[Round "1"]
[White "Sorento"]
[Black "Foxy100"]
[WhiteElo "2260"]
[BlackElo "2210"]
[Result "1-0"]
[Round "1"]
1.e4 e5
2.f4 exf4
3.Ng1f3 Ng8f6
4.e5 Nf6d5
5.c4 Nd5b4
6.a3 Nb4c6
7.d4 d6
8.exd6 Bf8xd6
9.Bf1d3 O-O
10.O-O Nb8d7
11.Nb1c3 Nd7f6
12.Bd3c2 Nc6b8
13.c5 Bd6e7
14.Bc1xf4 Nb8d7
15.Qd1d3 g6
16.b4 { resign }
1-0

[Event "Match"]
[Site "www.echecsemail.com"]
[Date "2017.05.01"]
[Round "1"]
[White "Winston"]
[Black "Pinehill"]
[WhiteElo "1860"]
[BlackElo "1960"]
[Result "0-1"]
[Round "1"]
1.e4 d5
2.exd5 Ng8f6
3.d4 Qd8xd5
4.Nb1c3 Qd5a5
5.Bc1d2 c6
6.Ng1f3 Bc8g4
7.Bf1e2 e6
8.Nc3e4 Qa5d8
9.O-O Nf6xe4
10.h3 Bg4h5
11.Bd2f4 Bf8d6
12.Bf4xd6 Qd8xd6
13.Qd1d3 f5
14.Nf3e5 Bh5xe2
15.Qd3xe2 Qd6xd4
16.Ne5d3 Nb8d7
{ resign }
0-1

[Event "Match"]
[Site "www.echecsemail.com"]
[Date "2017.05.01"]
[Round "1"]
[White "Said1991"]
[Black "Gilliere"]
[WhiteElo "1809"]
[BlackElo "2080"]
[Result "1-0"]
[Round "1"]
1.e4 c5
2.Nb1c3 Nb8c6
3.d3 d6
4.f4 e6
5.Ng1f3 g6
6.Bf1e2 Bf8g7
7.O-O Ng8e7
8.Bc1e3 O-O
9.Qd1e1 f5
10.Qe1h4 Bg7f6
11.Nf3g5 Bf6xg5
12.fxg5 Rf8f7
13.Rf1f3 Nc6e5
14.Rf3f2 a6
15.a4 Qd8b6
16.b3 Qb6d8
17.Ra1f1 Qd8f8
18.d4 cxd4
19.Be3xd4 Ne5c6
20.Bd4f6 e5
21.Be2c4 d5
22.Nc3xd5 Ne7xd5
23.Bc4xd5 Nc6d4
24.Bd5xf7 Qf8xf7
25.Bf6xe5 Nd4c6
26.Be5b2 Bc8e6
27.exf5 gxf5
28.g4 Qf7d7
29.gxf5 Be6d5
30.g6 hxg6
31.Qh4h8 Kf7
32.fxg6 Ke6
33.Qh8f6 
1-0

[Event "Match"]
[Site "www.echecsemail.com"]
[Date "2017.05.01"]
[Round "1"]
[White "Gimmyg"]
[Black "Insearchof"]
[WhiteElo "2420"]
[BlackElo "2149"]
[Result "1-0"]
[Round "1"]
1.Ng1f3 c5
2.c4 Nb8c6
3.g3 g6
4.d3 Bf8g7
5.Nb1c3 e6
6.Bc1f4 d5
7.cxd5 exd5
8.Bf1g2 Ng8e7
9.Qd1d2 O-O
10.O-O b6
11.d4 Nc6xd4
12.Nf3xd4 Bg7xd4
13.Nc3b5 Bd4g7
14.Nb5c7 Bc8b7
15.Nc7xa8  { time }
1-0

[Event "Match"]
[Site "www.echecsemail.com"]
[Date "2017.05.01"]
[Round "1"]
[White "Llord"]
[Black "Cjood"]
[WhiteElo "1980"]
[BlackElo "1950"]
[Result "0-1"]
[Round "1"]
1.e4 e5
2.Ng1f3 Ng8f6
3.Nb1c3 Bf8c5
4.d4 exd4
5.Nf3xd4 c6
6.Bc1g5 Qd8b6
7.Bg5e3 Qb6xb2
8.Nc3a4 Bc5b4
9.Be3d2 Qb2xd4
10.Bf1d3 Bb4xd2
11.Qd1xd2 Qd4xa1
{ resign }
0-1

[Event "Match"]
[Site "www.echecsemail.com"]
[Date "2017.05.01"]
[Round "1"]
[White "Passaroa25"]
[Black "Claymil"]
[WhiteElo "1600"]
[BlackElo "1499"]
[Result "0-1"]
[Round "1"]
1.e4 c5
2.c3 Nb8c6
3.d3 g6
4.Ng1e2 Bf8g7
5.Ne2g3 e6
6.Nb1d2 Ng8e7
7.Nd2b3 b6
8.Bc1d2 O-O
9.Bf1e2 Bc8b7
10.O-O d5
11.f3 dxe4
12.Ng3xe4 Qd8c7
13.Qd1c1 Ne7f5
14.Bd2f4 e5
15.Bf4g3 Nf5xg3
16.Ne4xg3 Rf8e8
17.Ng3e4 Ra8d8
18.g4 Nc6e7
19.c4 Ne7c6
20.a3 Nc6d4
21.Nb3xd4 exd4
22.b3 Bg7e5
23.Rf1f2 Kg7
24.h3 Be5f4
25.Qc1f1 Bf4e3
26.Kg2 Qc7f4
27.Kh1 Be3xf2
28.Qf1xf2 Bb7xe4
29.dxe4 Re8xe4
30.Be2d3 Re4e3
31.Ra1d1 Re3xf3
32.Qf2h2 Qf4e3
33.Kg2 Rf3f2
34.Kh1 Qe3f3
35.Kg1 Rf2xh2
36.Kxh2 Qf3xd1
37.Bd3e4 Rd8e8
38.Be4g2 Re8e2
39.Kg3 g5
40.Kf3 Qd1d3

0-1

[Event "Match"]
[Site "www.echecsemail.com"]
[Date "2017.05.01"]
[Round "1"]
[White "Coraza"]
[Black "Pwain"]
[WhiteElo "1760"]
[BlackElo "2410"]
[Result "0-1"]
[Round "1"]
1.c4 c5
2.e4 Nb8c6
3.Ng1f3 e5
4.g3 Ng8f6
5.Nb1c3 Bf8e7
6.Bf1g2 O-O
7.O-O d6
8.d3 a6
9.b3 Ra8b8
10.Bc1g5 h6
11.Bg5xf6 Be7xf6
12.h3 b5
13.Kh1 Bc8e6
14.cxb5 axb5
15.a4 bxa4
16.bxa4 Qd8d7
17.Nf3e1 Be6xh3
18.f4 exf4
19.Qd1d2 Bf6xc3
20.Qd2xc3 fxg3
21.d4 Bh3xg2
22.Kxg2 Nc6xd4
23.Ne1d3 Rb8b3
24.Qc3c4 Qd7g4
25.Rf1f4 Qg4e2
26.Kxg3 Rb3xd3
27.Kh4 g5
{ resign }
0-1

[Event "Match"]
[Site "www.echecsemail.com"]
[Date "2017.05.01"]
[Round "1"]
[White "Cal"]
[Black "Enpassant"]
[WhiteElo "1770"]
[BlackElo "1689"]
[Result "1-0"]
[Round "1"]
1.c4 e5
2.e4 Bf8c5
3.Ng1f3 d6
4.h3 Ng8f6
5.d3 Bc8d7
6.a3 O-O
7.Bc1g5 h6
8.Bg5h4 a5
9.Bf1e2  { time }
1-0

[Event "1/32 Finale"]
[Site "www.chess-mail.com"]
[Date "2017.05.01"]
[Round "1"]
[White "George1955"]
[Black "Osopanda"]
[WhiteElo "2720"]
[BlackElo "2020"]
[Result "1-0"]
[Round "1"]
1.e4 c5
2.Ng1f3 d6
3.d4 cxd4
4.Nf3xd4 Ng8f6
5.Nb1c3 a6
6.Bc1e3 Nb8c6
7.f3 g6
8.Qd1d2 Nc6xd4
9.Be3xd4 Bf8g7
10.g4 O-O
11.O-O-O b5
12.Kb1 Bc8b7
13.h4 Nf6d7
14.Bd4xg7 Kxg7
15.h5 Nd7e5
16.hxg6 Ne5xg6
17.Qd2h6 Kf6
18.g5 Ke6
19.Bf1h3 Ke5
20.Qh6g7 f6
21.gxf6 exf6
22.Qg7xb7 d5
23.Rd1xd5 { resign }
1-0

[Event "1/128 Finale"]
[Site "www.chess-mail.com"]
[Date "2017.05.01"]
[Round "1"]
[White "Esperanza"]
[Black "Llord"]
[WhiteElo "1970"]
[BlackElo "2020"]
[Result "0-1"]
[Round "1"]
1.e4 e5
2.Ng1f3 Nb8c6
3.Bf1c4 Ng8f6
4.c3 Bf8c5
5.d4 exd4
6.cxd4 Bc5b4
7.Nb1c3 O-O
8.e5 Nf6e4
9.Bc1d2 Ne4xd2
 { time }
0-1

[Event "Fast Game"]
[Site "www.echecsemail.com"]
[Date "2017.05.01"]
[Round "1"]
[White "Fsher"]
[Black "Hennie4820"]
[WhiteElo "1599"]
[BlackElo "1630"]
[Result "1-0"]
[Round "1"]
1.Ng1f3 Ng8f6
2.g3 g6
3.Bf1g2 Bf8g7
4.d4 O-O
5.O-O d6
6.c4 Nb8d7
7.Nb1c3 c6
8.a4 Qd8c7
9.a5 e5
10.e3 e4
11.Nf3e1 d5
12.cxd5 cxd5
13.Qd1b3  { time }
1-0

[Event "Tourn. n9341"]
[Site "www.chess-mail.com"]
[Date "2017.05.02"]
[Round "1"]
[White "Cjood"]
[Black "Claymil"]
[WhiteElo "1849"]
[BlackElo "2030"]
[Result "1-0"]
[Round "1"]
1.e4 c5
2.Ng1f3 Nb8c6
3.Bf1c4 e6
4.d4 cxd4
5.Nf3xd4 g6
6.Nd4xc6 bxc6
7.Qd1f3 Bf8g7
8.c3 h6
9.O-O Ng8e7
10.Bc1f4 d5
11.exd5 cxd5
12.Bc4b5 Bc8d7
13.Bb5xd7 Qd8xd7
14.Nb1a3 O-O
15.Qf3e3 Ne7f5
16.Qe3d2 Kh7
17.c4 d4
18.Ra1d1 e5
19.Bf4g3 f6
20.f3 Nf5xg3
21.hxg3 Qd7e7
22.Qd2d3 Rf8c8
23.Rf1e1 Ra8b8
24.Na3b5 Qe7d7
25.b3 a6
26.Nb5a3 Qd7c7
27.Na3c2 Bg7f8
28.Re1e4 f5
29.Re4h4 Bf8e7
30.Rh4h3 a5
31.Kf2 Rc8h8
32.Rd1h1 Kg7
33.f4 e4
34.Qd3xd4 Be7f6
35.Qd4e3 Rb8d8
36.Rh1e1 Rd8d7
37.Kg1 Rh8d8
38.Kh1 Rd7d2
39.Nc2a3 Rd8d3
40.Qe3g1 Rd2xa2
41.Na3b5 Qc7d8
42.g4 fxg4
43.Rh3xd3 Qd8xd3
44.Re1d1 Qd3xb3
45.Qg1a7 Kf8
46.Qa7b8 Ke7
47.Qb8d8 Ke6
48.Rd1d6 { resign }
1-0

[Event "Tourn. n9296"]
[Site "www.chess-mail.com"]
[Date "2017.05.02"]
[Round "1"]
[White "Jpmartinez"]
[Black "Prize640"]
[WhiteElo "2590"]
[BlackElo "2400"]
[Result "1-0"]
[Round "1"]
1.Ng1f3 c5
2.c4 Ng8f6
3.Nb1c3 Nb8c6
4.e3 d5
5.cxd5 Nf6xd5
6.Bf1b5 e6
7.Nf3e5 Bc8d7
8.Bb5xc6 Bd7xc6
9.Ne5xc6 bxc6
10.O-O Bf8d6
11.b3 O-O
12.Bc1b2 Qd8c7
13.g3  { time }
1-0

[Event "Tourn. n9307"]
[Site "www.chess-mail.com"]
[Date "2017.05.02"]
[Round "1"]
[White "Falcoale"]
[Black "Guidom"]
[WhiteElo "2000"]
[BlackElo "1990"]
[Result "0-1"]
[Round "1"]
1.e4 e5
2.Ng1f3 Nb8c6
3.Bf1c4 d6
4.d3 Bf8e7
5.O-O Ng8f6
6.h3 O-O
7.a3 Bc8e6
8.Bc4a2 Qd8d7
9.Nb1c3 Nc6d4
10.Nf3xd4 exd4
11.Nc3d5 Be6xd5
12.exd5 c5
13.Bc1f4 g6
14.c3 dxc3
15.bxc3 b5
16.Rf1e1 Rf8e8
17.c4 a6
18.Re1e3 Be7f8
19.Ba2b3 Bf8g7
20.Ra1b1 Re8xe3
21.Bf4xe3 Ra8b8
22.Rb1c1 Qd7f5
23.Bb3c2 Qf5d7
24.d4 cxd4
25.Be3xd4 bxc4
26.Bc2a4 Qd7f5
27.Bd4xf6 Bg7xf6
28.Ba4c6 c3
29.Bc6a4 Rb8b2
30.Ba4c2 Qf5f4
31.Qd1f1 Bf6d4
32.Bc2a4 Rb2xf2
{ resign }
0-1

[Event "Tourn. n9196"]
[Site "www.chess-mail.com"]
[Date "2017.05.02"]
[Round "1"]
[White "Osopanda"]
[Black "Odin"]
[WhiteElo "2030"]
[BlackElo "1890"]
[Result "1-0"]
[Round "1"]
1.d4 Ng8f6
2.c4 e6
3.Nb1c3 Bf8b4
4.Qd1c2 O-O
5.e4 Nb8c6
6.Ng1f3 d5
7.e5 Nf6e4
8.Bf1d3 h6
9.O-O f5
10.exf6 Qd8xf6
11.Nc3xe4 dxe4
12.Bd3xe4 Nc6xd4
13.Nf3xd4 Qf6xd4
14.Be4h7 Kh8
15.Bc1e3 Qd4f6
16.Ra1d1 Bb4d6
17.Be3d4 e5
18.Bd4c3 Qf6g5
19.Rd1d3 Bc8f5
20.Bh7xf5 Rf8xf5
21.Rd3g3 Qg5h5
22.f4 Bd6c5
23.Kh1 Ra8g8
24.Bc3xe5 Bc5d6
25.Rg3h3 Qh5g6
26.Rh3g3 Rf5xf4
27.Qc2e2 Rf4xf1
28.Qe2xf1 Qg6e8
29.Be5xd6 cxd6
30.h4 Qe8e5
31.Rg3f3 Qe5xb2
32.Qf1d3 Qb2xa2
33.Qd3xd6 Qa2xc4
34.Qd6e5 b5
35.Rf3c3 Qc4f1
36.Kh2 a6
37.Rc3c6 b4
38.Rc6xh6 
1-0

[Event "Tourn. n9270"]
[Site "www.chess-mail.com"]
[Date "2017.05.02"]
[Round "1"]
[White "Malbertan"]
[Black "Picifarkinca"]
[WhiteElo "2070"]
[BlackElo "1890"]
[Result "0-1"]
[Round "1"]
1.e4 Ng8f6
2.e5 Nf6d5
3.d4 d6
4.c4 Nd5b6
5.exd6 cxd6
6.Nb1c3 g6
7.Bc1e3 Bf8g7
8.Ng1f3 O-O
9.Bf1e2 Nb8c6
10.Qd1d2 e5
11.d5 Nc6e7
12.Be3h6 Ne7f5
13.Bh6xg7 Kxg7
14.h4 Bc8d7
15.h5 Ra8c8
16.hxg6 hxg6
17.g4 Rf8h8
18.Rh1xh8 Qd8xh8
19.O-O-O Nf5e7
20.Nc3b5 Bd7xb5
21.Qd2g5 Qh8h6
22.b3 Qh6xg5
23.Nf3xg5 Nb6xd5
24.Kd2 Nd5f4
25.cxb5 f6
26.Ng5e4 d5
27.Ne4g3 b6
28.Be2f3 e4
29.Bf3e2 f5
30.gxf5 Ne7xf5
31.Ng3xf5 gxf5
32.Rd1g1 Kf6
33.Rg1h1 Nf4xe2
34.Kxe2 Rc8c2
35.Ke3 Rc2xa2
36.Rh1h6 Ke5
37.Rh6c6 f4
{ resign }
0-1

[Event "Tourn. n9280"]
[Site "www.chess-mail.com"]
[Date "2017.05.02"]
[Round "1"]
[White "Antuan72"]
[Black "Taxrama"]
[WhiteElo "1760"]
[BlackElo "1780"]
[Result "1-0"]
[Round "1"]
1.e4 e5
2.Ng1f3 d6
3.Nb1c3 Ng8f6
4.Bf1e2 Nb8c6
5.O-O Nf6g4
6.h3 Ng4f6
7.d3 Bf8e7
8.a3 O-O
9.Ra1b1 h6
10.Nf3h2 d5
11.exd5 Nf6xd5
12.Nc3xd5 Qd8xd5
13.Be2f3 Qd5d6
14.Rf1e1 Rf8e8
15.Bc1d2 Be7f6
16.Nh2g4 Bc8xg4
17.Bf3xg4 Qd6d4
18.Bd2c3 Qd4c5
19.Qd1f3 Ra8d8
20.Re1e4 Qc5d6
21.Rb1d1 a6
22.Kh1 b5
23.Qf3e2 a5
24.f4 b4
25.axb4 axb4
26.Bc3e1 Re8e7
27.fxe5 Bf6xe5
28.b3  { time }
1-0

[Event "Tourn. n9194"]
[Site "www.chess-mail.com"]
[Date "2017.05.02"]
[Round "1"]
[White "Osopanda"]
[Black "Norlavuaram"]
[WhiteElo "2010"]
[BlackElo "2060"]
[Result "1-0"]
[Round "1"]
1.d4 Ng8f6
2.c4 e6
3.Nb1c3 c5
4.Ng1f3 cxd4
5.Nf3xd4 d6
6.e4 Nb8c6
7.Bf1e2 Bf8e7
8.f3 O-O
9.Bc1e3 Bc8d7
10.O-O Ra8c8
11.b3 a6
12.Qd1d2 Qd8c7
13.Ra1d1 Rf8d8
14.g4 Nf6e8
15.Rf1f2 Be7h4
16.Rf2g2 g5
17.f4 gxf4
18.Be3xf4 Bh4f6
19.Nd4xc6 Bd7xc6
20.Be2f3 Qc7a5
21.Rd1c1 Qa5b6
22.Bf4e3 Qb6c7
23.Be3d4 e5
24.Bd4e3 Bf6g7
25.Nc3d5 Bc6xd5
26.exd5 Ne8f6
27.g5 Nf6e8
28.Bf3g4 Rc8b8
29.Qd2b4 Qc7e7
30.Rc1f1 b5
31.c5 dxc5
32.Be3xc5 Qe7xg5
33.Bc5e7 Qg5e3
34.Kh1 Qe3d3
35.Bg4e2 Qd3xd5
36.Be7xd8 Rb8xd8
37.Qb4e7 Qd5d7
38.Rf1xf7 Qd7xe7
39.Rf7xe7 Kf8
40.Re7a7 Rd8d6
41.h4 h6
42.Be2h5 Bg7f6
43.Ra7f7 { resign }
1-0

[Event "Tourn. n9327"]
[Site "www.chess-mail.com"]
[Date "2017.05.02"]
[Round "1"]
[White "Sorento"]
[Black "Esperanza"]
[WhiteElo "2100"]
[BlackElo "1970"]
[Result "1-0"]
[Round "1"]
1.e4 e6
2.d4 d5
3.Nb1c3 Bf8b4
4.e5 c5
5.a3 Bb4xc3
6.bxc3 Ng8e7
7.Ng1f3 Nb8c6
8.Bc1e3 Qd8a5
9.Qd1d2 c4
10.g3  { time }
1-0

[Event "Tourn. n9171"]
[Site "www.chess-mail.com"]
[Date "2017.05.02"]
[Round "1"]
[White "Claudia"]
[Black "Bojan"]
[WhiteElo "2140"]
[BlackElo "2030"]
[Result "0-1"]
[Round "1"]
1.d4 d5
2.c4 e6
3.Nb1c3 dxc4
4.e3 Bf8b4
5.Bf1xc4 Ng8f6
6.Ng1f3 h6
7.O-O Bc8d7
8.Qd1e2 c6
9.e4 Nf6h7
10.Bc4d3 a6
11.e5 f6
12.Bd3g6 Kf8
13.exf6 Qd8xf6
14.Bg6d3 Nh7g5
15.Nf3e5 Bd7e8
16.f4 Ng5f7
17.Ne5g6 Kg8
18.Ng6xh8 Nf7xh8
19.Bc1e3 Nb8d7
20.Nc3e4 Qf6e7
21.a3 Bb4a5
22.b4 Ba5c7
23.Bd3c4 Nd7b6
24.Bc4b3 Be8g6
25.Ne4c5 Ra8b8
26.Bb3xe6 Bg6f7
27.Be6xf7 Qe7xf7
28.f5 Rb8e8
29.Qe2f3 Nb6d5
30.Nc5e6 Bc7d6
31.Be3d2 Re8e7
32.Ra1e1 Qf7e8
33.Qf3g4 Nd5f6
34.Qg4h3 Nh8f7
35.Qh3b3 Qe8d7
36.h3 Nf6h5
37.Rf1f3 Nh5f6
38.g4 Nf6d5
39.h4 Nd5f6
40.g5 Nf6d5
41.gxh6 Nf7xh6
42.Bd2xh6 gxh6
43.Kh1 Kh8
44.Re1g1 Re7e8
45.Rg1g6 Kh7
46.Qb3b1 Bd6f8
47.Rf3g3 Nd5e7
48.Ne6xf8 Re8xf8
49.Rg6g7 Kh8
 { time }
0-1

[Event "Tourn. n9315"]
[Site "www.chess-mail.com"]
[Date "2017.05.02"]
[Round "1"]
[White "Balbyns"]
[Black "Sorento"]
[WhiteElo "1830"]
[BlackElo "1929"]
[Result "0-1"]
[Round "1"]
1.d4 Ng8f6
2.c4 g6
3.Ng1f3 d5
4.e3 Bf8g7
5.Nb1c3 O-O
6.cxd5 Nf6xd5
7.Bf1c4 Nd5b6
8.Bc4b3 a5
9.O-O Bc8g4
10.h3 Bg4xf3
11.Qd1xf3 a4
12.Bb3c2 Nb8c6
13.Bc2e4 Qd8d7
14.Be4d3 Nc6e5
15.dxe5 Qd7xd3
16.Rf1d1 Qd3c4
17.Qf3xb7 Rf8b8
18.Qb7e4 Qc4xe4
19.Nc3xe4 Bg7xe5
20.Ne4c5 Rb8d8
21.Bc1d2 Be5xb2
22.Ra1b1 a3
23.e4 Nb6a4
24.Bd2b4 Rd8b8
25.Nc5xa4 Rb8xb4
26.Na4xb2 axb2
27.f3 c5
28.Kf2 c4
29.Rd1d5 Ra8xa2
30.Rd5d2 c3
{ resign }
0-1

[Event "Tourn. n9221"]
[Site "www.chess-mail.com"]
[Date "2017.05.02"]
[Round "1"]
[White "Mitja"]
[Black "Falcoale"]
[WhiteElo "1920"]
[BlackElo "1900"]
[Result "1-0"]
[Round "1"]
1.d4 Ng8f6
2.e3 e6
3.c3 b6
4.Bf1e2 Bc8b7
5.Be2f3 d5
6.Ng1e2 Bf8e7
7.Ne2g3 O-O
8.O-O Nb8d7
9.b3 c5
10.dxc5 Nd7xc5
11.Bc1b2 Bb7a6
12.Bf3e2 Qd8c8
13.b4 Nc5e4
14.Ng3xe4 Ba6xe2
15.Ne4xf6 Be7xf6
16.Qd1xe2 Rf8e8
17.Qe2d3 Qc8b7
18.Nb1d2 Ra8d8
19.Qd3c2 Rd8c8
20.Ra1c1 Bf6g5
21.Nd2f3 Bg5e7
22.a3 Rc8c7
23.Qc2d2 Re8c8
24.Rc1c2 Be7f6
25.Rf1c1 Qb7b8
26.Nf3d4 a6
27.Nd4f3 Bf6e7
28.Qd2d3 b5
29.Qd3d4 Be7f6
30.Qd4d3 Qb8a8
31.h3 e5
32.Nf3h2 e4
33.Qd3e2 Qa8c6
34.Nh2g4 Rc8e8
35.Ng4xf6 Qc6xf6
36.c4 Qf6e6
37.cxd5 Rc7xc2
38.Rc1xc2 Qe6xd5
39.Rc2d2 Qd5f5
40.Qe2d1 h6
41.Rd2d8 Re8xd8
42.Qd1xd8 Kh7
43.Qd8d6 Qf5c8
44.Qd6d4 f6
45.Qd4xe4 Kh8
46.f4 Qc8d8
47.Qe4d4 Qd8c7
48.Qd4c5 Qc7d8
49.Bb2d4 Qd8g8
50.Qc5b6 Qg8a2
51.Qb6xa6 Qa2e2
52.a4 Qe2d1
53.Kh2 bxa4
54.b5 Qd1b3
55.b6 a3
56.b7 { resign }
1-0

[Event "Tourn. n9308"]
[Site "www.chess-mail.com"]
[Date "2017.05.02"]
[Round "1"]
[White "Estonia"]
[Black "Falcoale"]
[WhiteElo "2080"]
[BlackElo "2000"]
[Result "0-1"]
[Round "1"]
1.e4 c5
2.Ng1f3 e6
3.d4 cxd4
4.Nf3xd4 Nb8c6
5.Bf1e2 Ng8f6
6.Bc1g5 h6
7.Nd4xc6 bxc6
8.Bg5xf6 Qd8xf6
9.c3 Bf8c5
10.O-O O-O
11.Nb1d2 d5
12.Nd2b3 Bc5d6
13.exd5 cxd5
14.Be2f3 Bd6c7
15.g3 Bc8a6
16.Bf3e2 Ba6c8
17.Rf1e1 Bc7b6
18.Nb3d4 Bc8b7
19.Be2f1 e5
20.Nd4f3 d4
21.Bf1g2 dxc3
22.bxc3 Ra8d8
23.Qd1c2 Bb7xf3
24.Bg2xf3 Qf6xf3
25.Re1xe5 Rd8c8
26.Ra1f1 Rc8xc3
27.Qc2e2 Qf3xe2
{ resign }
0-1

[Event "Tourn. n9341"]
[Site "www.chess-mail.com"]
[Date "2017.05.02"]
[Round "1"]
[White "Claymil"]
[Black "Attatroll"]
[WhiteElo "2030"]
[BlackElo "1960"]
[Result "1/2-1/2"]
[Round "1"]
1.c4 Ng8f6
2.Nb1c3 d6
3.g3 g6
4.Bf1g2 Bf8g7
5.e3 O-O
6.Ng1e2 c5
7.O-O Nb8c6
8.d4 cxd4
9.exd4 Bc8d7
10.a3 Qd8c7
11.b4 e6
12.Bc1b2 Nf6g4
13.h3 Ng4f6
14.Qd1d2 a6
15.Rf1e1 Nc6e7
16.c5 Ne7d5
17.Ne2f4 dxc5
18.Nc3xd5 Nf6xd5
19.Nf4xd5 exd5
20.dxc5 Bg7xb2
21.Qd2xb2 Bd7e6
22.Ra1d1 Ra8d8
23.Kh2 h5
{ draw }
1/2-1/2

[Event "Tourn. n9327"]
[Site "www.chess-mail.com"]
[Date "2017.05.02"]
[Round "1"]
[White "Esperanza"]
[Black "Kevinking"]
[WhiteElo "1970"]
[BlackElo "1910"]
[Result "0-1"]
[Round "1"]
1.e4 e6
2.d4 d5
3.Nb1c3 Ng8f6
4.Bc1g5 Bf8e7
5.e5 Nf6d7
6.Bg5xe7 Qd8xe7
7.f4 a6
8.Ng1f3 c5
 { time }
0-1

[Event "Match"]
[Site "www.echecsemail.com"]
[Date "2017.05.02"]
[Round "1"]
[White "Gambitmiau"]
[Black "Sennheiser"]
[WhiteElo "1940"]
[BlackElo "1809"]
[Result "1-0"]
[Round "1"]
1.e4 g6
2.d4 Bf8g7
3.Ng1f3 c5
4.c3 cxd4
5.cxd4 e6
6.e5 d5
7.Bf1b5 Nb8c6
8.Bc1g5 Qd8b6
9.Nb1c3 Bc8d7
10.a4 a6
11.a5 Qb6c7
12.Bb5d3 Nc6xa5
13.Ra1c1 Na5c6
14.b4 Ng8e7
15.b5 axb5
16.Nc3xb5 Qc7a5
17.Bg5d2 Qa5b6
18.Nb5d6  { time }
1-0

[Event "Match"]
[Site "www.echecsemail.com"]
[Date "2017.05.02"]
[Round "1"]
[White "Sociopatas"]
[Black "Mdesouza"]
[WhiteElo "1809"]
[BlackElo "2280"]
[Result "0-1"]
[Round "1"]
1.d4 d5
2.c4 dxc4
3.e4 e5
4.d5 f5
5.exf5 Bc8xf5
6.Ng1f3 Bf5xb1
7.Ra1xb1 Bf8b4
8.Bc1d2 Qd8e7
9.Bd2xb4 Qe7xb4
10.Qd1d2 Qb4xd2
11.Nf3xd2 Ng8f6
12.Bf1xc4 Nb8d7
13.O-O O-O-O
14.h3 Nd7b6
15.d6 Rd8xd6
16.Kh2 Rd6xd2
17.Kg3 Nb6xc4
18.Kf3 Rh8d8
19.Kg3 Rd8d3
20.Kh4 h6
21.g3 g5

0-1

[Event "Match"]
[Site "www.echecsemail.com"]
[Date "2017.05.02"]
[Round "1"]
[White "Enpassant"]
[Black "Stewartborst"]
[WhiteElo "1279"]
[BlackElo "1499"]
[Result "0-1"]
[Round "1"]
1.e4 c5
2.Ng1f3 d6
3.d4 Ng8f6
4.Bf1b5 Bc8d7
5.Nb1c3 cxd4
6.Bb5xd7 Nb8xd7
7.Qd1xd4 e5
8.Qd4a4 Bf8e7
9.Bc1g5 h6
 { time }
0-1

[Event "Match"]
[Site "www.echecsemail.com"]
[Date "2017.05.02"]
[Round "1"]
[White "Rassputin"]
[Black "Luke1302"]
[WhiteElo "1349"]
[BlackElo "1389"]
[Result "0-1"]
[Round "1"]
1.e4 e5
2.a3 Qd8e7
3.Ng1f3 b6
4.d3 g6
5.Bc1e3 Bf8g7
6.Nb1c3 d6
7.Nc3d5 Qe7d7
8.Qd1d2 c6
9.Nd5c3 Nb8a6
10.b4 Ng8f6
11.h3 Nf6h5
12.Be3g5 f6
13.Bg5h4 c5
14.b5 O-O
15.Nf3h2 Na6c7
16.a4 Nh5f4
17.Nc3e2 a6
18.c4 Bg7h6
19.Qd2d1 Nf4e6
20.Nh2g4 axb5
21.Ng4xh6 Kg7
22.Nh6g4 bxa4
23.Ra1a3 Bc8a6
24.Bh4g3 b5
 { time }
0-1

[Event "Match"]
[Site "www.echecsemail.com"]
[Date "2017.05.02"]
[Round "1"]
[White "86eamon"]
[Black "52maurice"]
[WhiteElo "1499"]
[BlackElo "1499"]
[Result "1-0"]
[Round "1"]
1.e3 d6
2.Bf1b5 c6
3.Bb5e2 Ng8f6
4.h3 Nb8a6
5.g4 Na6c5
6.d3 h6
7.f3 Nf6d5
8.Qd1d2 e5
9.c4 Nd5f6
10.b3 Nc5a6
11.e4 Nf6d7
12.a4 c5
13.Bc1b2 Bf8e7
14.Bb2c3 Be7h4
15.Kf1 Bh4g5
16.Qd2e1 Nd7f6
17.h4 Bg5e3
18.Ng1h3 h5
19.g5 Nf6d7
20.Nb1a3 Nd7f8
21.a5 b6
22.Na3b5 Nf8g6
23.b4 cxb4
24.Bc3xb4 Na6xb4
25.Qe1xb4 Be3c5
26.Qb4a4 Bc8d7
27.a6 f6
28.Ra1d1 fxg5
29.Nh3xg5 Rh8f8
30.Rh1h3 Ng6f4
31.Rh3g3 Rf8g8
32.Qa4b3 Qd8c8
33.Qb3a4 Nf4g6
34.Rd1a1 Ng6xh4
35.Qa4b3 Rg8f8
36.Qb3a2 Bc5e3
37.Nb5xd6 Kd8
38.Nd6xc8 Ra8xc8
39.Qa2b2 Nh4g6
40.Qb2b3 h4
41.Rg3g2 Ng6f4
42.Be2d1 Nf4h5
43.Ke2 Be3d4
44.Ra1a2 Nh5f4
45.Kf1 h3
46.Rg2h2 Nf4h5
47.Qb3b4 Bd4c5
48.Qb4e1 Bc5e7
49.Bd1a4 Be7xg5
50.Ba4xd7 Rf8xf3
51.Ra2f2 Rf3xf2
52.Qe1xf2 Kxd7
53.Qf2f7 Bg5e7
54.Rh2xh3 Rc8f8
55.Qf7xf8 Be7xf8
56.Rh3xh5 Ke8
57.Rh5xe5 Bf8e7
58.d4 g6
59.d5 g5
60.Re5e6 Kf7
61.Re6xb6 g4
62.Rb6b7 g3
63.e5 Ke8
64.Rb7xa7 Kf7
65.d6 Ke6
66.Ra7xe7 Kf5
67.a7 { resign }
1-0

[Event "Match"]
[Site "www.echecsemail.com"]
[Date "2017.05.02"]
[Round "1"]
[White "Cjood"]
[Black "Biggles"]
[WhiteElo "1950"]
[BlackElo "2130"]
[Result "1-0"]
[Round "1"]
1.e4 e5
2.Ng1f3 Nb8c6
3.Bf1c4 Ng8f6
4.Nf3g5 b5
5.Bc4xf7 Ke7
6.Bf7b3 d6
7.Ng5f7 Qd8d7
8.Nf7xh8 Nc6d4
9.c3 Nd4e6
10.f3 g6
11.d4 Bf8g7
12.Nh8xg6 hxg6
13.dxe5 Nf6e8
14.Bb3xe6 Qd7xe6
15.Bc1g5 Kf8
16.exd6 Ne8xd6
17.O-O Bc8b7
18.Nb1a3 Ra8e8
19.Bg5e3 Kg8
20.Be3xa7 Bb7a6
21.Rf1e1 Kh7
22.Ba7c5 Bg7e5
23.Bc5xd6 Be5xd6
24.Na3c2 Qe6e5
25.g3 Qe5g5
26.Qd1d5 Qg5e7
27.Nc2d4 c5
28.Nd4c6 Qe7f8
29.Ra1d1 Bd6xg3
30.hxg3 Qf8xf3
31.Rd1d3 Qf3f8
32.Re1f1 Qf8h8
33.Kg2 b4
34.Rf1h1 { resign }
1-0

[Event "Fast Game"]
[Site "www.echecsemail.com"]
[Date "2017.05.02"]
[Round "1"]
[White "Fsher"]
[Black "Attatroll"]
[WhiteElo "1599"]
[BlackElo "1780"]
[Result "0-1"]
[Round "1"]
1.Ng1f3 d5
2.g3 c6
3.Bf1g2 Ng8f6
4.d4 e6
5.O-O Bf8d6
6.b3 O-O
7.c4 Nb8d7
8.Nb1c3 Rf8e8
9.Bc1b2 Nd7f8
10.Qd1c2 h6
11.Ra1d1 Nf8g6
12.e4 Bd6b4
 { time }
0-1

[Event "Fast Game"]
[Site "www.echecsemail.com"]
[Date "2017.05.02"]
[Round "1"]
[White "Leonger"]
[Black "Picifarkinca"]
[WhiteElo "1950"]
[BlackElo "1919"]
[Result "1-0"]
[Round "1"]
1.d4 d5
2.c4 e6
3.Ng1f3 Ng8f6
4.g3 c6
5.Bf1g2 Nb8d7
6.O-O Bf8e7
7.Qd1c2 O-O
8.b3 b6
9.Bc1b2 Bc8b7
10.Nb1c3 c5
11.cxd5 Nf6xd5
12.Nc3xd5 Bb7xd5
13.e4 Bd5b7
14.Ra1d1 Nd7f6
15.dxc5 Qd8c8
16.Bb2xf6 Be7xf6
17.b4 bxc5
18.bxc5 Bb7c6
19.Nf3d4 Bf6xd4
20.Rd1xd4 e5
21.Rd4d6 Rf8d8
22.Rf1d1 Qc8c7
23.Bg2f1 { resign }
1-0

[Event "Tourn. n9282"]
[Site "www.chess-mail.com"]
[Date "2017.05.03"]
[Round "1"]
[White "Picifarkinca"]
[Black "Falcoale"]
[WhiteElo "1900"]
[BlackElo "1980"]
[Result "0-1"]
[Round "1"]
1.e4 c5
2.Nb1c3 e6
3.d3 b6
4.f4 Bc8b7
5.Ng1f3 d5
6.e5 Ng8e7
7.d4 cxd4
8.Nf3xd4 a6
9.Bf1e2 Ne7c6
10.Bc1e3 Nb8d7
11.O-O Nc6xd4
12.Be3xd4 Bf8e7
13.Qd1e1 Nd7c5
14.Qe1g3 O-O
15.f5 exf5
16.Rf1xf5 Nc5e4
17.Nc3xe4 dxe4
18.c3 Ra8c8
19.Ra1f1 Be7c5
20.Rf5g5 Bc5xd4
21.cxd4 Qd8xd4
22.Kh1 g6
23.Rg5g4 Qd4xb2
{ resign }
0-1